000 00554nam a22002177a 4500
003 UA-OsUOA
001 48641
007 ta
008 20070911b un ||||| |||| 00| 0 ukr d
090 _a82.09
_bР89
942 _cBK
040 _aUA-OsUOA
_brus
_cUA-OsUOA
_dUA-OsUOA
245 _aРусская повесть ХІХ века
300 _a562 с.
955 _a2
041 _arus
080 _a82.09
260 _aСПб
_bНаука
_c1973
650 7 _a82 Література. Літературознавство
_2UDC
999 _c334751
_d334751